Statistics for One Piece male characters from A to Z

Click here to take the quiz!

General Stats

  • This quiz has been taken 144 times
    (96 since last reset)
  • The average score is 10 of 51

Answer Stats

LetterMale Character% Correct
LLuffy
80%
ZZoro
75%
BBrook
55%
FFranky
52%
AAce
51%
UUsopp
48%
SShanks
39%
GGarp
38%
NNami
38%
RRobin
38%
CCrocodile
36%
JJinbe
36%
DDoflamingo
32%
EEdward Newgate
28%
BBig Mom
25%
VVivi Nefertari
20%
YYamato
20%
AAlvida
19%
IIvankov
19%
MMihawk
16%
QQueen
14%
RRayleigh
14%
VVinsmoke Sanji
13%
KKatakuri
12%
PPerona
12%
YYasopp
12%
CCamie
10%
JJewerly Bonney
10%
KKoala
10%
SShiraoshi
10%
XX-Drake
10%
NNeptune
9%
TTrafalgar Law
9%
HHawkins
7%
HHiyori
7%
UUtah
7%
DDadan
6%
OOars
6%
WWapol
6%
MMarigold
4%
OOtohime
4%
PPedro
4%
TTama
4%
WWanda
4%
GGinny
3%
EElmy
1%
FFiollonce
1%
IIshilly
1%
LLily Nefertari
1%
QQuincy
1%
ZZala
1%

Score Distribution

Percentile by Number Answered

Percent of People with Each Score

Your Score History

You have not taken this quiz since the last reset